[Event "Corus-B"]
[Site "Wijk aan Zee"]
[Date "2006.01.14"]
[Round "1"]
[White "Carlsen, Magnus"]
[Black "L'Ami, Erwin"]
[Result "1-0"]
[WhiteElo "2625"]
[BlackElo "2550"]
[PlyCount "73"]
[EventDate "2006.01.14"]
[EventType "tourn"]
[EventRounds "13"]
[EventCountry "NED"]
[EventCategory "15"]
[SourceTitle "CBM 111"]
[Source "ChessBase"]
[SourceDate "2006.04.04"]
[SourceVersion "1"]
[SourceVersionDate "2006.04.04"]
[SourceQuality "1"]

1. e4 {Erenburg,Sergey Erenburg,Sergey ChessBase II} e5 2. Nf3 Nc6 3. Bb5 a6 4. Ba4 Nf6 5. O-O Be7 6. Re1 b5 7. Bb3 d6 8. c3 O-O 9. d4 ({RR} 9. h3 Na5 10. Bc2 c5 11. d4 Nd7) 9... Bg4 10. Be3 ({RR} 10. d5 Na5 11. Bc2) 10... exd4 ({RR} 10... Bh5 11. h3 exd4 12. cxd4 d5 13. g4 ({RR} 13. e5 Ne4 14. Nc3 Nxc3 15. bxc3 Na5 16. Bc2 Nc4 17. g4 Bg6 18. Bf5 Bxf5 ({RR} 18... a5 19. Qd3 b4 20. Re2 Ra6 21. Kg2 Rb6 22. cxb4 axb4 23. Rae1) 19. gxf5 f6) 13... Bg6 14. Ne5 Na5 ({RR} 14... Nxe5 15. dxe5 Nxe4 16. Bxd5) 15. Nxg6 hxg6 16. e5 Ne4 17. Nc3 Bb4 18. Rc1 Nxb3 19. axb3 Bxc3 20. bxc3 Qh4 21. Rc2 f5 22. f3 Nxc3 ({RR} 22... Ng5 23. Bxg5 Qxg5 24. c4) 23. Rxc3 Qg3+ 24. Kf1 fxg4 25. Ke2 ({RR} 25. f4 gxh3 26. Qe2 g5)) ({RR} 10... Bd7 11. Nbd2 Ng4 12. Nf1 Nxe3 13. Nxe3 Bf6 14. Nd5 Rb8 15. h3 g6 16. Nxf6+ Qxf6 17. dxe5 Nxe5 18. Nxe5 Qxe5 19. Qd2 a5) 11. cxd4 Na5 ({RR} 11... d5 12. e5 Ne4 13. Nc3 Nxc3 14. bxc3 Qd7 15. h3 Bf5 16. Bg5 ({RR} 16. g4 Bg6 17. Nh2 ({RR} 17. Nd2 Na5 18. f4 Nxb3 19. Nxb3 f5 20. Kh2 a5 21. Rg1 a4 22. Nc1 Ra6 23. Ne2 Rc6 24. Bd2 Ba3 25. Qf1 b4) 17... Na5 18. Bc2 Bxc2 19. Qxc2 Nc4 20. Bf4 a5 21. Bg3 b4 22. Re2 Ra6 23. f4 Na3 24. Qd2 Rc6) 16... Bxg5 17. Nxg5 Na5 ({RR} 17... h6 18. Nf3 Na5 19. Nh4 Bh7 20. Qh5) 18. g4 Nxb3 19. axb3 Bg6 20. f4 Qe7 21. b4 f6 22. exf6 Qxf6 23. Ne6 Be4 24. f5 ({RR} 24. Nxf8 Qxf4) 24... Rfe8 25. Qd2 h5 26. Nxc7) 12. Bc2 c5 ({RR} 12... Nc4 13. Bc1 c5) ({RR} 12... Nc4 13. Bc1 c5 14. b3 Nb6 15. Nbd2 ({RR} 15. Bb2 cxd4 16. Nbd2 Nfd7 17. h3 Bh5 18. g4 d3 19. Bxd3 Nc5 20. Bc2 Bg6 21. Nd4 Qd7 22. f4 f6 23. N2f3 Rfe8 24. Nf5 Bf8 25. Qd4 Qa7 26. Kh1 Rac8 27. Rac1) 15... Nfd7 ({RR} 15... Rc8 16. h3 Bh5 17. g4 Bg6 18. d5 Nfd7 19. Nf1 Re8 20. Ng3 Bf6 21. Rb1) 16. h3 Bh5 17. Bb2 ({RR} 17. g4 Bg6 18. d5 Bf6 19. Rb1 Re8 20. Nf1 h6 21. Kg2 Rc8 22. Ng3 c4 23. Re2) 17... Re8 ({RR} 17... Rc8 18. Rc1 Re8 19. Bb1 cxd4 20. Bxd4 Bf6 21. Rxc8 Qxc8 22. Qc1 Qb7 23. Qa3 Bxf3 24. Nxf3) 18. a4 ({RR} 18. Qb1 Bg6 19. a4 d5 20. axb5 axb5 21. Rxa8 Qxa8 22. dxc5 Nxc5 23. e5 Ne6) 18... bxa4 19. bxa4 Rb8 ({RR} 19... cxd4 20. a5 d3 21. Bb1 ({RR} 21. Bxd3 Nc5) 21... Nc8 22. Bxd3 Nc5 23. Bc4) 20. a5 ({RR} 20. Rb1 cxd4 ({RR} 20... d5 21. a5 Nc4 22. Nxc4 dxc4 23. Ba4) 21. a5 ({RR} 21. Bxd4 Bf6 22. Be3 d5) 21... Bxf3 22. Qxf3 Ne5 23. Qe2 Nbd7 24. Bxd4 Rxb1 25. Rxb1 Qxa5) ({RR} 20. Ra2) 20... Nc8 ({RR} 20... Nd5 21. Nc4 Nc7 ({RR} 21... Nf4 22. Bc1 ({RR} 22. dxc5 Nxc5) 22... Ne6 23. g4 Bg6 24. d5 Nc7 25. Bf4) 22. Rb1) 21. Nc4 Na7) 13. h3 ({RR} 13. dxc5 dxc5 14. Nc3 Nc4 15. e5 {RR} Qxd1 ({RR} 15... Nd7 16. Bf4 Ndb6 17. Qe2 Qc8 18. Be4 Ra7 19. b3 Na3 20. Bc1 b4 21. Bxa3 bxa3 22. Nd5) ({RR} 15... Bxf3 16. Qxd8 Bxd8 17. Bxc5 Re8 18. exf6 Bc6 19. Rxe8+ Bxe8 20. Nd5) 16. Raxd1 Bxf3 17. exf6 Bxd1 18. fxe7 Bxc2 19. exf8=Q+ Rxf8 20. Bxc5 Rc8 21. Nd5 Kh8 22. Nb6) ({RR} 13. Nbd2 cxd4 14. Bxd4 Nc6 15. Be3 d5) ({RR} 13. dxc5 dxc5 14. Nc3 Nc4 15. e5 Ne8 16. Qe2 Nc7 ({RR} 16... Nxe5 17. Rad1) 17. Rad1 Qc8 18. Bc1 Re8 19. Qe4 g6 20. Qf4 h5 21. h3 Ne6 22. Qg3 Bxf3 23. Qxf3 Nd4 24. Rxd4 cxd4 25. e6 f5 ({RR} 25... Rf8 26. Nd5 Ra7 27. Qg3) 26. Bxf5) 13... Bxf3 ({RR} 13... cxd4 14. Bxd4 Bh5 15. g4 Bg6 16. Nc3 Rc8 17. Rc1 Nc6 18. Be3 {RR} Re8 19. Nh4 ({RR} 19. Nd5 Nxd5 20. exd5 Nb8 21. Bf4 Bf8 22. Rxe8 Qxe8 23. Nd4 Bxc2 24. Rxc2 Rxc2 25. Qxc2 Qe1+ 26. Kg2 Nd7) 19... Nd7 20. Nxg6 hxg6 21. Bb3 ({RR} 21. Nd5 Bh4 22. Re2 Nf6 23. Bb3 Nxe4 24. Nb6 Nxf2 25. Bxf2 Bxf2+ 26. Rxf2 Qxb6 27. Bxf7+ Kh7 28. Qxd6) 21... Nc5 22. Nd5 Ne5 23. f4 Ned3 24. Bxc5 Nxc5 25. g5 Bf8 26. Qf3) ({RR} 13... cxd4 14. Bxd4 Bh5 15. g4 Bg6 16. Nc3 Rc8 17. Rc1 Nc6 18. Be3 Nb4 19. Bb1 d5 20. e5 ({RR} 20. exd5 Bxb1 21. Rxb1 Nfxd5) 20... Ne4 21. Ne2 Nc5 ({RR} 21... Rxc1 22. Qxc1 Qa8 23. a3 Nc6 24. Nf4) 22. Bxc5 Rxc5 23. Rxc5 Bxc5 24. Nf4) 14. Qxf3 cxd4 ({RR} 14... Nc4 15. dxc5 dxc5 16. Nc3 Nd7 {RR} 17. Bf4 ({RR} 17. Nd5 Bg5 18. Bxg5 Qxg5 19. b3 Na3 20. Bd3 c4 21. bxc4 bxc4 22. Bb1 Qe5) 17... Nde5 ({RR} 17... Nxb2 18. e5) 18. Bxe5 Nxe5 19. Qg3 Nc6 20. Rad1 Nd4 21. e5 Ra7 22. Ne2 Rd7 ({RR} 22... Nxe2+ 23. Rxe2 Rd7 24. Ree1) 23. Nxd4 Rxd4 24. Qe3 Kh8 ({RR} 24... Rxd1 25. Rxd1 Qc7 26. e6) 25. f4 Qd7 26. Rxd4 Qxd4 27. Qxd4 cxd4 28. Kf2 Rc8 29. Bd3 f6 30. exf6 Bxf6 31. Re6 Ra8) ({RR} 14... Nc4 15. dxc5 dxc5 16. Nc3 Nd7 17. Rad1 Nxb2 18. Rd5 Qe8 ({RR} 18... Nc4 19. e5 ({RR} 19. Red1 Qa5 20. Rxd7 Qxc3 21. Rxe7 Qxc2) 19... Ncxe5 20. Qd1 Qa5 21. Bd2 b4 22. Na4 Rfd8 23. Bf5) ({RR} 18... Qa5 19. Rxd7 ({RR} 19. Bc1 Nc4 20. e5 ({RR} 20. Rxd7 Ne5) 20... Ndb6 21. Rdd1 Rad8) 19... Qxc3 20. Rc1 Qe5 21. Rd5 Qe6 22. Bxc5 Bxc5 23. Rxc5 Rac8 24. Bb3 Nc4 25. Rxc8 Rxc8) 19. e5 Nb6 ({RR} 19... Rd8 20. Qg4 Kh8 21. Bh6 g6 ({RR} 21... gxh6 22. Qf5) ({RR} 21... Rg8 22. Bc1 Nc4 23. Bxh7) 22. Bxf8) ({RR} 19... Ra7 20. Qg4 Kh8 21. Bh6 Rg8 22. Bc1) 20. Rxc5 Bxc5 ({RR} 20... N2c4 21. Rc7 Nxe3 22. Qxe3 Rc8 23. Qxb6 Qd8 24. Nd5 Qxd5 25. Bb3 Qd8 26. Rec1) 21. Bxc5 N2c4 22. Bxf8 Qxf8 23. Qd3 g6 24. Ne4) 15. Bxd4 Rc8 ({RR} 15... Nc6) 16. Qd1 ({RR} 16. Bb3 Nc6 17. Qd1 ({RR} 17. Be3 Ne5) ({RR} 17. Bc3 b4 18. Bd2 Nd4 19. Qd3 Nxb3 20. Qxb3 d5) ({RR} 17. Be3 Ne5) ({RR} 17. Bc3 b4 18. Bd2 Nd4 19. Qd3 Nxb3 20. Qxb3 d5) 17... d5 ({RR} 17... a5 18. Nc3 a4 19. Bd5 Nxd4 20. Qxd4 Qa5 21. a3 Nd7 22. Qb4) ({RR} 17... Nxd4 18. Qxd4 Nh5 19. Nc3 Bf6 20. Qd2 Bg5 21. Qe2 Nf4 22. Qf3 Ng6 23. Red1 Bf6 24. Rac1) ({RR} 17... a5 18. Nc3 a4 19. Bd5 Nxd4 20. Qxd4 Qa5 21. a3 Nd7 22. Qb4) ({RR} 17... Nxd4 18. Qxd4 Nh5 19. Nc3 Bf6 20. Qd2 Bg5 21. Qe2 Nf4 22. Qf3 Ng6 23. Red1 Bf6 24. Rac1) 18. exd5 ({RR} 18. Bxf6 Bxf6 19. exd5 Bxb2 20. dxc6 Bxa1) ({RR} 18. Bxd5 Nxd5 19. exd5 Qxd5 20. Nc3 Qf5 ({RR} 20... Qxd4 21. Qxd4 Nxd4 22. Rxe7) ({RR} 20... Qxd4 21. Qxd4 Nxd4 22. Rxe7)) ({RR} 18. Bxf6 Bxf6 19. exd5 Bxb2 20. dxc6 Bxa1) ({RR} 18. Bxd5 Nxd5 19. exd5 Qxd5 20. Nc3 Qf5) 18... Nxd4 19. Qxd4 Bc5 20. Qd3 ({RR} 20. Qd2 b4 21. Qd3 ({RR} 21. a3 Qb6) ({RR} 21. a3 Qb6) 21... Qb6 22. Qf3 ({RR} 22. Qf5 Bd4 23. Nd2 Bxb2 24. Nc4 Rxc4 25. Bxc4 Bxa1 26. Rxa1 Qd4) ({RR} 22. Qf5 Bd4 23. Nd2 Bxb2 24. Nc4 Rxc4 25. Bxc4 Bxa1 26. Rxa1 Qd4) 22... Bd4 23. Nd2 Bxb2 24. Nc4 Rxc4 25. Bxc4 Bxa1 26. Rxa1 Rc8 ({RR} 26... Qd4 27. Rc1 Rc8 28. d6) ({RR} 26... Qd4 27. Rc1 Rc8 28. d6)) ({RR} 20. Qd2 b4 21. Qd3 Qb6 22. Qf3 Bd4 23. Nd2 Bxb2 24. Nc4 Rxc4 25. Bxc4 Bxa1 26. Rxa1 Rc8) 20... Qb6 21. Qf3 a5 22. Nc3 {½-½ (22) Svidler,P (2738)-Bacrot,E (2729) Gothenburg 2005 CBM 109 [Erenburg,Sergey]} ({RR} 22. Nd2 a4 23. Bd1 Rfd8) ({RR} 22. Nd2 a4 23. Bd1 Rfd8) {RR} 22... Bd4 ({RR} 22... a4 23. Bc2 a3 24. Bf5 axb2 25. Rab1 Bxf2+ 26. Qxf2 Qxf2+ 27. Kxf2 Rxc3 28. Rxb2 Rc5 29. Bd3 Nxd5 30. Bxb5 Nc3 31. Bd3) 23. Rad1 Bxc3 24. bxc3 a4 25. Bc2 Qd6) ({RR} 16. Qd3 Nc6 17. Bc3 g6 ({RR} 17... Ne5 18. Qe2 Qb6) 18. Bb3 Nd7 19. a3 Nc5 20. Qd5 Nxb3 21. Qxb3 Bf6 22. Qd5 Bxc3 23. Nxc3 Qf6 24. Rad1) ({RR} 16. Qd3 Nc6 17. Bc3 g6 18. Bb3 Nd7 19. a3 Nc5 20. Qd5 Nxb3 21. Qxb3 Bf6 22. Qd5 Bxc3 23. Nxc3 Qf6 24. Rad1) ({RR} 16. Bb3 Nc6 17. Qd1 d5 18. exd5 Nxd4 19. Qxd4 Bc5 20. Qd3 Qb6 21. Qf3 a5 22. Nc3) 16... Nc6 ({RR} 16... Nd7 17. Nc3 Bf6 18. Re2 ({RR} 18. Re2 Be5 ({RR} 18... Nc6 19. Bxf6 Qxf6 20. Rd2) ({RR} 18... Nc4 19. Nd5 Nxb2 20. Nxf6+ Qxf6 21. Bxf6 Nxd1 22. Rxd1 Nxf6 23. Rxd6) 19. Nd5 ({RR} 19. Rd2 Nc4) ({RR} 19. Rc1 Nc4 20. b3 Qg5 21. Bxe5 ({RR} 21. bxc4 Bxd4) 21... Ncxe5) 19... Nc6 20. Bc3 ({RR} 20. Bxe5 dxe5) 20... Nb6 ({RR} 20... Bxc3 21. Nxc3 Nb6) 21. Rc1 ({RR} 21. Bb3 Bxc3 ({RR} 21... Nxd5 22. Bxe5 dxe5 ({RR} 22... Nxe5 23. Bxd5) 23. exd5 Na5 24. Rxe5) 22. Nxc3 Na5 ({RR} 22... Qf6 23. Rd2 Rfd8 24. Rc1) ({RR} 22... Ne5 23. Qd4) 23. Qd4 Nc6 24. Qd3 Ne5 25. Qg3) ({RR} 21. a4 Nxd5 22. exd5 Bxc3 23. dxc6 Bxb2 24. Bxh7+ Kxh7 25. Rxb2 Rxc6) 21... Nxd5 22. exd5 b4 ({RR} 22... Bxc3 23. dxc6 Be5 ({RR} 23... Bxb2 24. Bxh7+) 24. Be4) 23. dxc6 ({RR} 23. Qd3 g6 24. Bxe5 Nxe5 25. Qxa6 b3 26. axb3 Nf3+ 27. Kh1 ({RR} 27. gxf3 Qg5+) 27... Nd4) 23... bxc3 24. bxc3 Rxc6)) ({RR} 16... Nd7 17. Nc3 Bf6 18. Rc1 Nc6 ({RR} 18... Nc4 19. Nd5 Be5 20. Bb3 Qh4 21. g3 Bxg3 22. Qg4 Qxg4 ({RR} 22... Nce5 23. Qxg3 ({RR} 23. Bxe5 Bxf2+) 23... Rxc1 24. Rxc1 Qxg3+ 25. fxg3 Nf3+ 26. Kf2 Nxd4 27. Ne7+ Kh8 28. Bd5) 23. Ne7+ Kh8 24. hxg4 Bf4 25. Nxc8 Bxc1 26. Nb6 Ndxb6 27. Rxc1) 19. Be3 ({RR} 19. Bxf6 Nxf6 ({RR} 19... Qxf6 20. Qh5 g6 21. Qh6 Nb6 22. Bb3 Na5 ({RR} 22... Nd4 23. Nd5 Nxd5 24. Bxd5 Rxc1 25. Qxc1) 23. Nd5 Nxd5 24. Bxd5 Qxb2 25. Rxc8 Rxc8 26. Qf4) 20. Bb3 Re8 21. Qd3 Na5 22. Bd5 b4 23. Na4) 19... Nc5 20. Re2 ({RR} 20. f4 Bxc3 21. bxc3 Na5) 20... Re8 ({RR} 20... Bxc3 21. bxc3 Re8) 21. Rd2 ({RR} 21. Bb1 Bxc3 ({RR} 21... Na5 22. Nd5 Nc4 23. Nxf6+ Qxf6 24. Bd4) 22. Rxc3 Nxe4 23. Bxe4 Rxe4 24. Bb6 Qe8 25. Rxe4 Qxe4 26. Qxd6 h6) 21... Bxc3 22. Rxd6 ({RR} 22. bxc3 Nxe4 23. Bxe4 Rxe4 24. Rxd6 Qe7) 22... Bxb2 ({RR} 22... Qh4 23. Bxc5 Bxb2 24. Rb1 Be5 25. Rd5 Red8 26. Qd3) 23. Rb1 ({RR} 23. Rxd8 Rexd8 24. Bxc5 ({RR} 24. Qh5 Bxc1 25. Bxc5 Na5 26. Bb6 Rd2) 24... Rxd1+ 25. Rxd1 h6) 23... Qc7 24. Bxc5 ({RR} 24. Rxb2 Nxe4 25. Bxe4 ({RR} 25. Rd7 Qe5) 25... Rxe4) 24... Bd4 25. Rd5 ({RR} 25. Ba3 b4 26. Bxb4 Nxb4 27. Rxb4 Qxd6 28. Rxd4 Qa3) ({RR} 25. Rxd4 Nxd4 26. Bxd4 Qxc2) 25... Bxc5 26. Rxc5 Red8 ({RR} 26... Qe7 27. Rd5 Qa3 28. Bb3 Na5 29. Qf3 Nxb3 30. axb3) 27. Qe1 ({RR} 27. Qg4 Qe7 28. Rg5 Ne5 29. Rxg7+ Kh8 30. Qg5 Qf8 31. Rxh7+ Kxh7 32. Qxe5 Qc5 33. Qf6 Qxc2 34. Qxf7+) 27... Qe7 28. Qe3 Na5 ({RR} 28... Ne5 29. Rxc8 Rxc8 30. Bb3) 29. Rxc8 Rxc8 30. Bb3 {½-½ (30) Timofeev,A (2658)-Carlsen,M (2570) Skanderborg 2005 CBM 110 [Erenburg,Sergey]}) 17. Nc3 b4 ({RR} 17... Nxd4 18. Qxd4 Nh5 19. Bb3 Bf6 20. Qd2 Bxc3 21. bxc3 Qf6 22. Re3 Qe5 23. Rd1 Rfd8 24. Rd3 Nf6 25. Rxd6 Rxd6 26. Qxd6 Qxd6 27. Rxd6 Nxe4 28. Rxa6 Nc5 29. Ra3 Nxb3 30. Rxb3 Kf8 31. Rxb5 Rxc3 32. a4 {Deac,B (2639)-Ivanchuk,V (2678) Europe Echecs INT 2021 ½-½ (60)}) 18. Ne2 Nxd4 $146 ({RR} 18... Nd7 19. Bb3 Bf6 20. Bxf6 Qxf6 21. Qd2 Nc5 22. Bd5 Ne5 23. Rf1 a5 24. b3 Nc6 25. Rad1 Rfe8 26. Ng3 Ne7 27. Rfe1 Red8 28. Bc4 g6 29. Re3 Qe5 30. Rf3 Ne6 31. Rd3 Rc6 32. Bd5 Rc3 33. Bxe6 {Levitina,I (2320)-Donaldson Akhmilovskaya,E (2280) Ordzhonikidze 1978 EXT 2017 [ChessBase II] 1-0 (62)}) 19. Nxd4 g6 20. Qd2 Qb6 21. Rad1 Nd7 22. Bb3 Nc5 23. Bd5 Bf6 24. Nf3 Kg7 25. Nh2 h5 26. g4 Rh8 27. Kg2 hxg4 28. Nxg4 Nd7 29. Bxf7 Kxf7 30. Qf4 Ke6 31. Nxf6 Nxf6 32. e5 Qb7+ 33. Kg1 dxe5 34. Rxe5+ Kf7 35. Rd6 Rxh3 36. Qxf6+ Kg8 37. Rd8+ 1-0

[Event "Corus-B"]
[Site "Wijk aan Zee"]
[Date "2006.01.15"]
[Round "2"]
[White "Smeets, Jan"]
[Black "Carlsen, Magnus"]
[Result "0-1"]
[WhiteElo "2550"]
[BlackElo "2625"]
[Annotator "Rogozenco,Dorian"]
[PlyCount "88"]
[EventDate "2006.01.14"]
[EventType "tourn"]
[EventRounds "13"]
[EventCountry "NED"]
[EventCategory "15"]
[SourceTitle "CBM 111"]
[Source "ChessBase"]
[SourceDate "2006.04.04"]
[SourceVersion "1"]
[SourceVersionDate "2006.04.04"]
[SourceQuality "1"]

1. e4 c5 2. Nf3 Nc6 3. d4 cxd4 4. Nxd4 Nf6 5. Nc3 e5 6. Ndb5 d6 7. Bg5 a6 8. Na3 b5 9. Nd5 Be7 10. Bxf6 Bxf6 11. c3 Bg5 12. Nc2 Ne7 13. Ncb4 O-O 14. a4 (14. Nxe7+ Qxe7 15. Nd5 Qb7 $11 {[%cal Gc8e6,Yg5d8,Yd8b6]}) 14... bxa4 15. Rxa4 (15. Qxa4 a5 (15... Nxd5 16. Nxd5 Bd7) 16. Bb5 $5 Nxd5 17. Nxd5 $14 {1-0 Kamsky,G (2690)-Carlsen,M (2570)/Khanty Mansyisk 2005 (31)}) (15. h4 $5 Bh6 16. Rxa4) 15... a5 16. Nxe7+ (16. Bb5 Bd7 $11 (16... Bh3 $5 $13)) 16... Qxe7 (16... Bxe7 $5) 17. Bc4 (17. Nd5 Qb7 $11) 17... Bd7 (17... Be6 18. Nd5 Qb7 {½-½ Nunn,J (2515)-Adorjan,A (2550)/Vienna 1980}) 18. Nd5 Qe8 19. Ra2 (19. Nc7 $2 Bxa4 $19) 19... Bd8 (19... a4 $5 20. Nc7 $140 $2 Qc8 21. Nxa8 Qxc4 $19) (19... Rc8 $2 20. Nb6 Rc7 21. Nxd7 Qxd7 (21... Rxc4 22. Qd5) 22. b3 $16) 20. O-O Rc8 $146 ({RR} 20... Rb8 21. b4 axb4 22. cxb4 Bc6 23. Rb2 Kh8 24. Qe2 f5 25. b5 Bb7 26. exf5 Rxf5 27. Ne3 Rf8 28. Rd2 Rf6 29. Bd5 Bb6 30. Bxb7 Rxb7 31. Nd5 Rf8 32. Nxb6 Rxb6 33. Rd5 h6 34. Rfd1 Qe6 35. h3 {Carlsson,P (2430)-Souleidis,G (2433) Soller 2006 1-0 (90)}) 21. Bb3 (21. b3 a4 $11) 21... Rb8 $1 22. Qc2 Kh8 23. Rfa1 $2 {Too optimistical. Pawn a5 is well protected and the rook is clearly misplaced on a1. In fact with the bishop on b3 and queen on c2 White lacks coordination and must have found a plan to keep the balance.} (23. Ne3 {[%csl Ra5,Rd6][%cal Ge3c4]} Be6 24. Bd5 (24. Nc4 $2 Qb5 $19) (24. Bxe6 fxe6 25. Nc4 d5 $5 26. Nxa5 (26. Nxe5 Bc7 27. Nf3 Rxf3 28. gxf3 Qg6+ 29. Kh1 Qh5 $40) 26... Rf4 27. exd5 exd5 $44) 24... Bb6 25. Nf5 $11 (25. Nc4 Bxd5 26. exd5 Qb5 $132)) (23. Ba4 $2 Bxa4 24. Rxa4 Rxb2 25. Qxb2 Qxa4 $17) 23... f5 $132 24. Ba4 {The idea of the previous move, but now Black quickly creates counterplay.} (24. exf5 Bxf5 25. Qd1 Qg6 $36) (24. f3 fxe4 25. fxe4 Qg6 $36) 24... Bxa4 25. Rxa4 fxe4 26. R4a2 (26. Rxe4 Qb5 {[%csl Rb2,Rd5]}) 26... Qf7 {The start of an amazing maneuver: who could guess that the rook from b8 will be on f3 in just 3 moves!} 27. c4 Rb3 $1 {A typical play for Carlsen to discover unexpected tactical resources. The rook finds its quickes way to the kingside.} 28. Re1 Bh4 29. g3 $2 ({White had to play} 29. Re2 {and although Black has several attractive continuations, White also has resources to defend.} e3 $5 (29... Rd3 30. Ra1 Rd4) 30. f3 $8 Bf2+ 31. Kh1 Rfb8) 29... Rf3 $1 30. b3 Bd8 31. Rxe4 h5 $1 32. Re2 (32. h4 g5 $1 33. hxg5 Bxg5 34. Qe2 (34. Rxa5 Rxf2 $19) (34. Kg2 h4 35. gxh4 Qe6 $19) 34... h4 35. gxh4 Qh5 36. hxg5 Qxg5+ (36... Rg8 $4 37. Rh4 $1 $18) 37. Kf1 Qh6 38. Rg4 (38. Ke1 Rxf2 39. Qxf2 Qh1+ 40. Ke2 Rxf2+ 41. Kxf2 Qh2+ $19) 38... Qh3+ 39. Rg2 Rg3 $19) 32... h4 33. Rb2 g6 34. Kg2 $2 {Loses by force.} ({Correct was something like} 34. Qd2 Kg7 35. Re3 {and Black has nothing concrete yet. Generally with precise moves White should be able to defend, but in a practical game it is very difficult to hold such a position.}) 34... hxg3 35. hxg3 Rxg3+ $1 36. Kf1 (36. Kxg3 Qf3+ 37. Kh2 Kg7 {[%cal Gf8h8] and mate}) (36. fxg3 Qf1+ 37. Kh2 Kg7 38. Re4 Rh8+ 39. Rh4 Bxh4 40. gxh4 Rxh4+ 41. Kg3 Rh3+ 42. Kg4 Qf3+ 43. Kg5 Rh5#) 36... Qf3 37. Qe4 Qh5 38. Ne3 Bg5 39. Ke1 Rgf3 {Black is a pawn up and has a deadly attack.} 40. Nf1 Bc1 41. Ra2 (41. Rb1 Ba3 $1 {[%cal Ga3b4]}) 41... Rxb3 42. Ng3 Qh6 43. Qg4 (43. Kd1 Bf4 $19) 43... Rxg3 44. Qxg3 (44. fxg3 Qh1#) 44... Qh1+ 0-1

[Event "Corus-B"]
[Site "Wijk aan Zee"]
[Date "2006.01.17"]
[Round "4"]
[White "Stellwagen, Daniel"]
[Black "Carlsen, Magnus"]
[Result "1/2-1/2"]
[WhiteElo "2573"]
[BlackElo "2625"]
[Annotator "Golod,Vitali"]
[PlyCount "78"]
[EventDate "2006.01.14"]
[EventType "tourn"]
[EventRounds "13"]
[EventCountry "NED"]
[EventCategory "15"]
[SourceTitle "CBM 111"]
[Source "ChessBase"]
[SourceDate "2006.04.04"]
[SourceVersion "1"]
[SourceVersionDate "2006.04.04"]
[SourceQuality "1"]

1. e4 c5 2. Nf3 e6 3. d4 cxd4 4. Nxd4 Nf6 5. Nc3 Nc6 6. Nxc6 bxc6 7. e5 Nd5 8. Ne4 Bb7 9. c4 Nb4 10. c5 Qb8 {Very rare move.} ({I also analysed other alternatives in this position:} 10... Qh4 $6) ({and} 10... Ba6 $5) 11. f4 $5 ({On:} 11. Nd6+ $5 {I have found three games in my database.}) 11... Ba6 $140 12. a3 Bxf1 13. Rxf1 Nd5 14. Qd4 Be7 ({Also once was checked in the preceding game:} 14... Qd8 $5 {h4+}) 15. f5 {Probably Daniel Stellwagen was studying my comments to the below mentioned game:} (15. Bd2 $6 O-O 16. O-O-O f6 $1 $15 {Najer,E-Yakovich,Y/Sochi,2005/CBM 107(½-½)(Golod,V)(59)}) 15... exf5 16. Rxf5 O-O {Black finished development and ready to open the game by "f6".} 17. Bd2 {White wants to castle queenside. Black governs the open "b"-file, and could immediately start counterplay. Besides, the knight on "d5" is very strong.} ({This deserves more attention:} 17. Bg5 $5) ({RR} 17. Bg5 Re8 18. O-O-O g6 19. Rf3 Bxg5+ 20. Nxg5 Qxe5 21. Qh4 h5 22. Nxf7 Qg7 23. Qf2 Re7 24. Nd6 Rf8 25. Rxf8+ Qxf8 26. Qxf8+ Kxf8 27. Rf1+ Kg7 28. Kd2 a6 29. Rf3 Nc7 30. b4 Nd5 31. h4 Nf6 {Svidler,P (2698)-Erdogmus,Y (2626) Marseille FRA 2025 ½-½ (38)}) ({RR} 17. Bg5 Bxg5 18. Rxg5 Qb3 19. Rg3 Qc2 20. Nf6+ Nxf6 21. exf6 Rfe8+ 22. Kf1 g6 23. Qc3 Qe2+ 24. Kg1 Re5 25. Rf1 Rae8 26. b4 Rd5 27. Qf3 Re4 28. h3 h5 29. h4 Kh7 30. Qxe2 Rxe2 31. Rff3 Re1+ {Jones,G (2518)-Carlsen,M (2693) Gausdal 2007 0-1 (51)}) 17... f6 {The center must be opened, Black doesn't have any other respective alternative.} 18. O-O-O {Yet there was time to move the king to queenside.} Qb3 $146 {Black doesn't hurry to recapture on "e5" and first activates his queen.} (18... fxe5 19. Rxe5 Qb3 $2 (19... Bf6 $5 20. Nxf6+ Rxf6 21. Bg5 Rf7 22. Rde1 Qf8 {and Black has a good defense.}) 20. Bg5 $14 Rae8 21. Bxe7 Ne3 $4 22. Nf6+ {[%csl Re3][%cal Ge5e3] 1-0 Topalov,V-Illescas Cordoba,M/Cala Galdana,1999}) ({RR} 18... fxe5 19. Rxe5 Qb3 20. Bg5 Rae8 21. Bxe7 Ne3 22. Nf6+ {1-0 (22) Topalov,V (2690)-Illescas Cordoba,M (2600) Cala Galdana 1999}) 19. exf6 {It's hard for me to suggest another move :)} ({For example:} 19. Re1 Rae8 20. exf6 Bxf6 21. Nxf6+ Nxf6 {and Black is OK.}) 19... Bxf6 {Of course Black keeps his pride and joy - his knight.} 20. Nxf6+ Rxf6 {Exchanging a pair of rooks favors Black.} 21. Rxf6 Nxf6 22. Re1 Qf7 $5 {Magnus wants to get his king to safety, and only then get his knight back to the center.} ({Even though after:} 22... Nd5 {it is unclear how White can use the stuck black queen on the queenside:} 23. Bh6 (23. Qg4 $6 Rb8 {קb2}) 23... gxh6 24. Qg4+ Kh8 (24... Kf7 $4 25. Rf1+ Ke7 (25... Nf6 26. Qxd7+ Kg8 27. Rxf6 Qe3+ 28. Kb1 Qe4+ 29. Ka1 $18) 26. Qe4+ Kd8 27. Rf8+ Kc7 28. Rxa8 $18) (24... Kf8 $144 $4 25. Rf1+ {and so on}) 25. Qd4+ Kg8 26. Qg4+ {with perpetual check.}) 23. Bf4 Nd5 24. Bd6 {It is unclear which piece stands better: The bishop on "d6" or the knight on "d5". The white bishop prevents the black rook from getting to the b or f. So Black puts it on the e s in order to exchange them.} Re8 25. Rxe8+ Qxe8 26. Qe5 Qf7 $1 $11 {[%csl Rc1,Rg2][%cal Gf7f1] Of course it is bad to exchange the queens, because after:} (26... Qxe5 27. Bxe5 Kf7 28. Kd2 g6 29. Kd3 Ke6 30. Bb8 {Black has problems, in view of the weak "a" pawn. It is obvious that White has the advantage here.}) 27. Kb1 h6 {Magnus Carlsen doesn't hurry to force a draw:} (27... Qf1+ 28. Ka2 (28. Kc2 $6 Qxg2+ 29. Kb3 Qf3+ 30. Ka4 Kf7 31. Ka5 $44) 28... Qc4+ 29. Ka1 Qf1+ {and so on.}) 28. g3 Qf1+ 29. Ka2 Qc4+ 30. Ka1 (30. b3 $4 Qc2+ 31. Ka1 (31. Qb2 $143 Nc3+ 32. Ka1 Qd1+) 31... Nc3 $19) ({This doesn't change anything:} 30. Kb1 Qd3+ 31. Ka1 (31. Kc1 $4 Ne3 $19 {[%csl Rc1][%cal Gd3c2,Gd3d1]}) 31... Qf1+ 32. Ka2 $11) 30... Nf6 {Black continues to fight, and he doesn't seem to be in a hurry to finish the game:} (30... Qc1+ 31. Ka2 Qc4+ 32. Kb1 (32. Ka1 Qc1+) 32... Qf1+ 33. Kc2 Qf2+ 34. Kb3 Qf3+ 35. Ka2 (35. Ka4 $4 Qd3 {[%csl Ra4][%cal Gd3b5]} 36. b4 $8 Nc3+ 37. Kb3 $8 Ne2+ {with a simple win.}) 35... Qf7 $11) 31. Qf5 Kf7 32. Qe5 Kg8 33. Qe7 {The position on the board is dynamically equal, and the most predictable result of the game is a draw.} Qg4 {Black's idea - get the knight to "d5" or "e4" and have some counterplay, but easier said than done...} 34. Be5 Nd5 35. Qe8+ Kh7 36. Qf7 {[%csl Rd7,Rg7] White in his turn attacks the "d7" and "g7" pawns.} Qg5 37. Bd6 {It's hard to see how it is possible to improve the position, the players have reached their first time control, perhaps it is time to agree a draw :)} Qc1+ 38. Ka2 Qc4+ 39. Ka1 ({White avoids the last trap:} 39. Kb1 $4 Nc3+ {[%csl Rb1,Rf7][%cal Gc4f7]}) 39... Qc1+ 1/2-1/2